[Event "Test Tournament"]
[Site "Emanuel Lasker Arena"]
[Date "2024.04.02"]
[Round "1"]
[White "Val Di Sogno"]
[Black "Swindler"]
[Result "1-0"]
[WhiteElo "2520"]
[BlackElo "2233"]
[Annotator "RC"]
[PlyCount "111"]
[EventDate "2024.04.02"]
[EventType "swiss (blitz)"]

1. e4 {[%emt 0:00:01]} e5 {[%emt 0:00:01]} 2. Nf3 {[%emt 0:00:01]} Nc6 {[%emt 0:00:01]} 3. Bb5 {[%emt 0:00:01]} a6 {[%emt 0:00:01]} 4. Ba4 {[%emt 0:00:01]} Nf6 {[%emt 0:00:01]} 5. O-O {[%emt 0:00:01]} Be7 {[%emt 0:00:01]} 6. Re1 {[%emt 0:00:01]} b5 {[%emt 0:00:01]} 7. Bb3 {[%emt 0:00:01]} d6 {[%emt 0:00:01]} 8. c3 {[%emt 0:00:01]} O-O {[%emt 0:00:01]} 9. d4 {[%emt 0:00:01]} Bg4 {[%emt 0:00:01]} 10. Be3 {[%emt 0:00:01]} exd4 {[%emt 0:00:01]} 11. cxd4 {[%emt 0:00:01]} Nxe4 {[%emt 0:00:01]} 12. Bd5 {[%emt 0:00:01]} Bxf3 {[%emt 0:00:01]} 13. Qxf3 {[%emt 0:00:00]} Ng5 {[%emt 0:00:01]} 14. Bxg5 {[%emt 0:00:01]} Nxd4 {[%emt 0:00:01]} 15. Qg4 {[%emt 0:00:02]} Bxg5 {[%emt 0:00:01]} 16. Qxd4 {[%emt 0:00:01]} c5 {[%emt 0:00:01]} 17. Qg4 {[%emt 0:00:01]} Qa5 {[%emt 0:00:02]} 18. b4 {[%emt 0:00:01]} Qxb4 {[%emt 0:00:01]} 19. Qxb4 {[%emt 0:00:00]} cxb4 {[%emt 0:00:00]} 20. Bxa8 {[%emt 0:00:02]} Rxa8 {[%emt 0:00:01]} 21. g3 {[%emt 0:00:01]} h5 {[%emt 0:00:02]} 22. Rd1 {[%emt 0:00:01]} h4 {[%emt 0:00:02]} 23. Rxd6 {[%emt 0:00:01]} Bf6 {[%emt 0:00:02]} 24. Rxf6 {[%emt 0:00:01]} gxf6 {[%emt 0:00:01]} 25. Nd2 {[%emt 0:00:01]} Rd8 {[%emt 0:00:02]} 26. Nb3 {[%emt 0:00:01]} Rd3 {[%emt 0:00:02]} 27. gxh4 {[%emt 0:00:02]} Kg7 {[%emt 0:00:02]} 28. Rc1 {[%emt 0:00:01]} f5 {[%emt 0:00:02]} 29. Rc5 {[%emt 0:00:02]} Rd1+ {[%emt 0:00:02]} 30. Kg2 {[%emt 0:00:01]} f4 {[%emt 0:00:01]} 31. Kf3 {[%emt 0:00:01]} Rg1 {[%emt 0:00:02]} 32. Rf5 {[%emt 0:00:01]} Kg6 {[%emt 0:00:02]} 33. Rxf4 {[%emt 0:00:02]} Rh1 {[%emt 0:00:01]} 34. Kg2 {[%emt 0:00:01]} Rd1 {[%emt 0:00:01]} 35. h3 {[%emt 0:00:01]} f5 {[%emt 0:00:01]} 36. Rf3 {[%emt 0:00:01]} Rb1 {[%emt 0:00:02]} 37. Rf4 {[%emt 0:00:01]} Rb2 {[%emt 0:00:02]} 38. h5+ {[%emt 0:00:01]} Kg5 {[%emt 0:00:01]} 39. Rxb4 {[%emt 0:00:01]} Rxa2 {[%emt 0:00:00]} 40. Nd4 {[%emt 0:00:01]} f4 {[%emt 0:00:01]} 41. Ne6+ {[%emt 0:00:01]} Kxh5 {[%emt 0:00:00]} 42. Rxf4 {[%emt 0:00:00]} Ra1 {[%emt 0:00:01]} 43. Kh2 {[%emt 0:00:01]} a5 {[%emt 0:00:01]} 44. Rf5+ {[%emt 0:00:01]} Kh6 {[%emt 0:00:01]} 45. Rxb5 {[%emt 0:00:01]} a4 {[%emt 0:00:01]} 46. Ra5 {[%emt 0:00:01]} a3 {[%emt 0:00:01]} 47. Kg2 {[%emt 0:00:01]} a2 {[%emt 0:00:01]} 48. Nf4 {[%emt 0:00:01]} Kh7 {[%emt 0:00:01]} 49. Ne2 {[%emt 0:00:01]} Kg7 {[%emt 0:00:01]} 50. Nc3 {[%emt 0:00:01]} Rc1 {[%emt 0:00:01]} 51. Nxa2 {[%emt 0:00:01]} Ra1 {[%emt 0:00:01]} 52. Ra3 {[%emt 0:00:01]} Kh8 {[%emt 0:00:01]} 53. Ra4 {[%emt 0:00:01]} Kh7 {[%emt 0:00:01]} 54. Rh4+ {[%emt 0:00:01]} Kg7 {[%emt 0:00:01]} 55. Nc3 {[%emt 0:00:01]} Rc1 {[%emt 0:00:01]} 56. Rg4+ {[%emt 0:00:01]} 1-0

[Event "Test Tournament"]
[Site "Emanuel Lasker Arena"]
[Date "2024.04.02"]
[Round "1"]
[White "Thomas Kydd"]
[Black "Chartwell"]
[Result "*"]
[WhiteElo "2473"]
[BlackElo "2178"]
[Annotator "TA"]
[PlyCount "54"]
[EventDate "2024.04.02"]
[EventType "swiss (blitz)"]

{[%evp 15,54,2,9,6,10,8,15,-10,-7,-25,0,0,24,9,82,81,79,25,35,42,41,-35,-15,-8,0,-20,-29,-57,-62,-56,0,0,0,0,0,-10,-9,-66,-73,-70,0]} 1. e4 {[%emt 0:00:01]} e5 {[%emt 0:00:01]} 2. Nf3 {[%emt 0:00:01]} Nc6 {[%emt 0:00:01]} 3. Bb5 {[%emt 0:00:01][%cal Bf1b5,Bb5a4,Ba4b3,Bb3a2][%mdl 32]} a6 {[%emt 0:00:01]} 4. Ba4 {[%emt 0:00:01]} Nf6 {[%emt 0:00:03]} 5. O-O {[%emt 0:00:01]} Be7 {[%emt 0:00:01]} 6. Qe2 {[%emt 0:00:01]} b5 {[%emt 0:00:01]} 7. Bb3 {[%emt 0:00:01]} O-O {[%emt 0:00:01]} 8. d3 {[%emt 0:00:01]} d6 {[%emt 0:00:02]} 9. a4 {[%emt 0:00:02]} Na5 {[%emt 0:00:01]} 10. Ba2 {[%emt 0:00:01] Threatening axb5.} c5 {[%emt 0:00:01]} 11. Bg5 {[%emt 0:00:01] The position is equal.} b4 {[%emt 0:00:01]} 12. h3 {[%emt 0:00:01]} Qc7 {[%emt 0:00:01]} 13. Nbd2 {[%emt 0:00:01]} Bd7 {[%emt 0:00:01][%cal Oh7h6]} 14. c3 {[%emt 0:00:01]} Kh8 {[%emt 0:00:01]} (14... Rab8 $11) 15. cxb4 $16 {[%emt 0:00:01]} cxb4 {[%emt 0:00:00]} 16. Rac1 {[%emt 0:00:01]} (16. d4 $16) 16... Qb6 {[%emt 0:00:01]} 17. Be3 {[%emt 0:00:07]} Qb7 {[%emt 0:00:03]} 18. Ng5 {[%emt 0:00:05]} (18. Qd1 $14) 18... b3 {[%emt 0:00:01]} 19. Bb1 {[%emt 0:00:01]} Bxa4 {[%emt 0:00:00]} 20. f4 {[%emt 0:00:02]} Rac8 {[%emt 0:00:01]} 21. d4 {[%emt 0:00:03]} Bb5 $36 {[%emt 0:00:02][%mdl 2048] Black has some pressure.} 22. Bd3 {[%emt 0:00:01] [#] Threatens to win with Rxc8.} Rc2 {[%emt 0:00:02]} 23. fxe5 $11 {[%emt 0:00:01]} dxe5 {[%emt 0:00:00]} 24. dxe5 {[%emt 0:00:00]} Nd7 {[%emt 0:00:02]} (24... Rxb2 25. exf6 Bxf6 26. Rxf6 gxf6 27. Bd4 $18) 25. Bxb5 {[%emt 0:00:02]} Qxb5 {[%emt 0:00:00]} 26. Qh5 {[%emt 0:00:01]} ({White should try} 26. Qxb5 $11 axb5 27. Ra1) 26... Bxg5 $15 {[%emt 0:00:01]} (26... Qxe5 27. Qxh7#) 27. Qxg5 {[%emt 0:00:00][%cal Oe5e6]} Rxb2 {[%emt 0:00:00] Weighted Error Value: White=0.21 (precise) /Black=0.17 (very precise) .  Mistake:       	White=3     	Black=3      Inaccurate:     	White=1     	---        OK:         	White=6     	Black=4      Best:        	---       	Black=1} ({Reject} 27... Qxe5 28. Qxe5 (28. Nxb3 Rxc1 29. Nxc1 Qxe4 $15) 28... Nxe5 29. Nxb3 Rxc1 30. Nxc1 $11) (27... h6 $15 28. Qg3 (28. Qe7 Rfc8 $15) 28... Nxe5 (28... Qxe5 29. Qxe5 Nxe5 30. Nxb3 $15) (28... Rxb2 29. e6 $11)) *

[Event "Test Tournament"]
[Site "Emanuel Lasker Arena"]
[Date "2024.04.02"]
[Round "1"]
[White "Thomas Kydd"]
[Black "Jed Bartlet"]
[Result "1-0"]
[WhiteElo "2473"]
[BlackElo "2103"]
[Annotator "TA"]
[PlyCount "96"]
[EventDate "2024.04.02"]
[EventType "swiss (blitz)"]

{[%evp 28,96,14,14,42,2,7,3,100,104,157,147,157,158,231,191,436,444,432,439,445,444,439,439,439,408,515,556,543,558,558,541,581,319,325,321,290,305,321,160,250,249,270,243,341,341,312,250,305,272,29987,29988,1051,919,1829,1868,29961,29966,29966,29967,29962,29961,5708,5700,4778,1014,1346,1297,1260,1197,849]} 1. e4 {[%emt 0:00:01]} e5 {[%emt 0:00:01]} 2. Nf3 {[%emt 0:00:01]} Nc6 {[%emt 0:00:01]} 3. Bb5 {[%emt 0:00:01]} a6 {[%emt 0:00:01]} 4. Ba4 {[%emt 0:00:01]} Nf6 {[%emt 0:00:01]} 5. O-O {[%emt 0:00:01]} Be7 {[%emt 0:00:01]} 6. Re1 {[%emt 0:00:01]} b5 {[%emt 0:00:01]} 7. Bb3 {[%emt 0:00:01]} d6 {[%emt 0:00:01]} 8. c3 {[%emt 0:00:01][%cal Bc2c3,Bc3d4][%mdl 32]} O-O {[%emt 0:00:01]} 9. d4 {[%emt 0:00:01]} Bg4 {[%emt 0:00:01]} 10. Be3 {[%emt 0:00:01]} exd4 {[%emt 0:00:01]} 11. cxd4 {[%emt 0:00:01]} Na5 {[%emt 0:00:01]} 12. Bc2 {[%emt 0:00:01]} Nc4 {[%emt 0:00:01]} 13. Bc1 {[%emt 0:00:01]} c5 {[%emt 0:00:01]} 14. b3 {[%emt 0:00:01]} Nb6 {[%emt 0:00:01]} 15. Nbd2 {[%emt 0:00:01]} cxd4 {[%emt 0:00:01]} 16. h3 {[%emt 0:00:01]} Bh5 {[%emt 0:00:02]} 17. Bb2 {[%emt 0:00:01][%cal Og2g4]} d5 {[%emt 0:00:01]} (17... Rc8 $11 {keeps the balance.}) 18. e5 $16 {[%emt 0:00:01] Black is on the road to losing.} (18. Bxd4 dxe4 19. Nxe4 Bxf3 20. Nxf6+ (20. gxf3 Rc8 $15) 20... Bxf6 $15) 18... Ne4 {[%emt 0:00:02]} 19. Nxe4 {[%emt 0:00:01]} (19. Bxd4 $6 Ng5 $14) 19... dxe4 {[%emt 0:00:00]} 20. Bxe4 {[%emt 0:00:00]} d3 {[%emt 0:00:02]} (20... Rc8 $16) 21. Re3 {[%emt 0:00:01][%cal Oe3d3]} (21. Qxd3 Qxd3 22. Bxd3 Bxf3 23. gxf3 Nd5 $11) (21. Bxd3 $6 Nd5 $16) 21... Nc4 $2 {[%emt 0:00:02]} (21... Ra7 22. Bf5 (22. Qxd3 Qxd3 23. Rxd3 Nd7 $18) (22. Rxd3 Rd7 $18) (22. Bxd3 Bg5 $16) 22... Rc7 23. Rxd3 (23. Bxd3 Nd5 $11) 23... Qa8) 22. bxc4 $18 {[%emt 0:00:01]} ({Resist} 22. Rxd3 Nxb2 23. Rxd8 Nxd1 24. Rxa8 Rxa8) 22... bxc4 {[%emt 0:00:00]} 23. Bxa8 {[%emt 0:00:00]} Qxa8 {[%emt 0:00:01]} 24. Bc3 {[%emt 0:00:01]} Bc5 {[%emt 0:00:02]} 25. Re1 {[%emt 0:00:01]} Qd5 {[%emt 0:00:02]} 26. Rc1 {[%emt 0:00:01]} Rd8 {[%emt 0:00:01] [#]} 27. e6 $1 {[%emt 0:00:02][%cal Be5e6,Be6e7][%mdl 32]} f6 {[%emt 0:00:02] Prevents Re5.} 28. e7 {[%emt 0:00:01]} Re8 {[%emt 0:00:01]} 29. Qa4 {[%emt 0:00:02] Inhibits Qd7.} h6 {[%emt 0:00:01]} 30. Bxf6 {[%emt 0:00:01]} gxf6 {[%emt 0:00:01]} 31. Qxc4 {[%emt 0:00:01]} Qxc4 {[%emt 0:00:00]} 32. Rxc4 {[%emt 0:00:00]} Bxe7 {[%emt 0:00:01]} 33. Nd2 {[%emt 0:00:01]} (33. Rd4 $18 {and White stays clearly on top.}) 33... Kg7 {[%emt 0:00:02]} (33... Be2 $16 34. Rb1 a5) 34. Rd4 {[%emt 0:00:01]} Be2 {[%emt 0:00:01]} 35. Rc1 {[%emt 0:00:01]} Ba3 {[%emt 0:00:02]} (35... Rd8 $142 36. Rxd8 Bxd8) 36. Rc7+ {[%emt 0:00:01]} Kg6 {[%emt 0:00:01]} 37. Rcd7 {[%emt 0:00:01]} Bc1 {[%emt 0:00:02]} 38. Nf3 {[%emt 0:00:01]} a5 $2 {[%emt 0:00:02]} (38... Bxf3 $18 39. gxf3 d2) 39. Nh4+ {[%emt 0:00:01]} Kh5 {[%emt 0:00:01]} 40. Nf5 {[%emt 0:00:01] [#] White threatens g4+ and mate.} Kg5 {[%emt 0:00:01]} 41. g4 {[%emt 0:00:01][%cal Rd7g7]} Rg8 {[%emt 0:00:03]} 42. h4+ {[%emt 0:00:01]} Kg6 {[%emt 0:00:01]} 43. Ne7+ {[%emt 0:00:01]} Kg7 {[%emt 0:00:01]} 44. Nxg8+ {[%emt 0:00:08]} Kxg8 {[%emt 0:00:00]} 45. Ra7 {[%emt 0:00:01][%cal Rd4d8] White is clearly winning.} Ba3 {[%emt 0:00:01]} 46. Rd8+ {[%emt 0:00:01]} Bf8 {[%emt 0:00:01]} 47. f3 {[%emt 0:00:01]} d2 {[%emt 0:00:01]} 48. Rxd2 {[%emt 0:00:01]} Bc5+ {[%emt 0:00:02] Weighted Error Value: White=0.33/Black=0.75.  Missed win:     	White=1     	---        Mistake:       	---       	Black=7      Inaccurate:     	White=2     	---        OK:         	White=8     	Black=7      Best:        	White=3     	---} 1-0

[Event "Test Tournament"]
[Site "Emanuel Lasker Arena"]
[Date "2024.04.02"]
[Round "1"]
[White "Thomas Kydd"]
[Black "ArrowPlay"]
[Result "1-0"]
[WhiteElo "2445"]
[BlackElo "1996"]
[Annotator "TA"]
[PlyCount "95"]
[EventDate "2024.04.02"]
[EventType "swiss (blitz)"]

{[%evp 14,94,3,-190,-196,-212,9,-29,5,-12,29,19,27,26,40,38,39,31,47,56,68,47,185,67,727,728,954,950,1291,1035,1022,1025,1012,993,5261,5261,2100,2056,29979,29980,29978,6012,5002,4214,1837,1334,2262,1975,12337,11318,29984,29985,29985,29986,29986,29986,29977,0,29988,29989,29988,29986,29989,29986,29988,29989,29990,29990,29990,29991,29992,29991,29993,29994,29994,29994,29994,29995,29996,29997,29998,29999,29999]} 1. e4 {[%emt 0:00:01]} e5 {[%emt 0:00:01]} 2. Nf3 {[%emt 0:00:01]} Nc6 {[%emt 0:00:01]} 3. Bb5 {[%emt 0:00:01][%cal Bf1b5,Bb5a4,Ba4b3,Bb3d5][%mdl 32]} a6 {[%emt 0:00:01]} 4. Ba4 {[%emt 0:00:01]} d6 {[%emt 0:00:01]} 5. d4 {[%emt 0:00:01]} b5 {[%emt 0:00:01]} 6. Bb3 {[%emt 0:00:01]} Nxd4 {[%emt 0:00:01]} 7. Nxd4 {[%emt 0:00:01]} exd4 {[%emt 0:00:01]} 8. Qxd4 $2 {[%emt 0:00:01]} (8. a4 $11 {and White has nothing to worry.}) 8... c5 $19 {[%emt 0:00:01]} 9. Qd1 {[%emt 0:00:01]} Nf6 $2 {[%emt 0:00:01]} (9... c4 $19 10. Bxc4 bxc4) 10. Bd5 {[%emt 0:00:01]} Ra7 {[%emt 0:00:01] Black has an edge.} 11. Bg5 {[%emt 0:00:01]} h6 {[%emt 0:00:02]} 12. Bc6+ {[%emt 0:00:01]} Bd7 {[%emt 0:00:01]} 13. Bxd7+ {[%emt 0:00:00]} Rxd7 {[%emt 0:00:00]} 14. Bxf6 {[%emt 0:00:01]} Qxf6 {[%emt 0:00:01]} 15. Nc3 {[%emt 0:00:02]} d5 {[%emt 0:00:01]} 16. Nxd5 {[%emt 0:00:01]} (16. exd5 Be7 $15) 16... Qxb2 {[%emt 0:00:00]} 17. O-O {[%emt 0:00:01] c3 is the strong threat.} Bd6 {[%emt 0:00:02] [#]} ({Black should play} 17... Qe5 $14) 18. Qg4 {[%emt 0:00:01]} ({Better is} 18. c3 $1 $18 h5 19. f4) 18... Qd4 $2 {[%emt 0:00:02][%mdl 8192]} (18... Rd8 $14) 19. c3 $18 {[%emt 0:00:02]} Qe5 {[%emt 0:00:01]} 20. f4 {[%emt 0:00:01]} Qxe4 {[%emt 0:00:01]} 21. Qxg7 {[%emt 0:00:00]} Qxd5 {[%emt 0:00:01]} 22. Qxh8+ {[%emt 0:00:01]} Bf8 {[%emt 0:00:01]} 23. Rae1+ {[%emt 0:00:01]} Re7 {[%emt 0:00:01]} 24. Rxe7+ {[%emt 0:00:01]} Kxe7 {[%emt 0:00:00][%cal Be8e7,Be7d7,Bd7c7,Bc7b6,Bb6a5,Ba5a4][%mdl 4128] Endgame. KQR-KQB} 25. Re1+ {[%emt 0:00:01]} Kd7 {[%emt 0:00:01]} 26. Qxf8 {[%emt 0:00:00]} Kc7 {[%emt 0:00:01]} 27. Re7+ {[%emt 0:00:01]} (27. Qxh6 $142 Qd8 28. Qxa6 Qf8 29. Qxb5 Qd6 30. Qa5+ Kb7 31. Rb1+ Kc8 32. Qa8+ Kd7 33. Rb7+ Ke6 34. Qe8+ Kd5 35. Rd7 (35. Rxf7 Kc4 36. Rd7 Qb6 37. Qe2+ Kxc3 38. Rd3+ Kb4 39. Rb3+ Ka5 40. Ra3+ Kb4)) 27... Kb6 {[%emt 0:00:01]} 28. Qxh6+ {[%emt 0:00:02]} Ka5 {[%emt 0:00:01]} 29. Qh4 {[%emt 0:00:01] Threatens to win with Qf6.} Qd1+ {[%emt 0:00:02]} 30. Qe1 {[%emt 0:00:01]} Qc2 {[%emt 0:00:03]} 31. Rxf7 {[%emt 0:00:00] Threatening mate with Rf6.} Qxa2 {[%emt 0:00:01]} 32. Rb7 {[%emt 0:00:02]} Ka4 {[%emt 0:00:01]} 33. Qd1+ {[%emt 0:00:02]} Ka3 {[%emt 0:00:01]} 34. Qc1+ {[%emt 0:00:01]} Ka4 {[%emt 0:00:01]} 35. Qd1+ $2 {[%emt 0:00:01]} (35. f5 {mates} Qd5 36. Qc2+ Ka5 37. Rb8 Qc4 38. f6 Qd5 39. Qf2 Qd1+ 40. Qf1) 35... Qb3 $2 {[%emt 0:00:01][%mdl 8192] [#]} (35... Ka3 $11 36. Rb6 (36. Qc1+ Ka4 $18) 36... Kb2 37. Qd2+ Kb3 38. Qxa2+ Kxa2 39. f5 (39. Rxa6+ Kb2 40. f5 b4 41. cxb4 c4 42. f6 c3 43. f7 c2) 39... b4 40. Rxa6+ (40. cxb4 c4 41. f6 c3 42. Rxa6+ Kb2 43. f7 c2 44. Rc6 c1=Q+ 45. Rxc1 Kxc1) 40... Kb3 41. cxb4 c4) 36. Qxb3+ {[%emt 0:00:01] White mates.} Kxb3 {[%emt 0:00:01] KR-K3P} 37. g4 {[%emt 0:00:02]} Kxc3 {[%emt 0:00:00]} 38. h4 {[%emt 0:00:01]} b4 {[%emt 0:00:01]} 39. h5 {[%emt 0:00:02]} a5 {[%emt 0:00:01]} 40. g5 {[%emt 0:00:01]} Kd4 {[%emt 0:00:01]} 41. h6 {[%emt 0:00:01]} Ke4 {[%emt 0:00:02]} 42. g6 {[%emt 0:00:01]} Kf5 {[%emt 0:00:02]} 43. g7 {[%emt 0:00:01]} Kxf4 {[%emt 0:00:01]} 44. h7 {[%emt 0:00:01]} b3 {[%emt 0:00:01]} 45. h8=Q {[%emt 0:00:01]} a4 {[%emt 0:00:01]} 46. g8=Q {[%emt 0:00:01]} Kf5 {[%emt 0:00:01]} 47. Re7 {[%emt 0:00:01][%csl Ge7][%cal Rh8e5]} Kf4 {[%emt 0:00:01]} 48. Qf6# {[%emt 0:00:01] Black did not feel at home in the position after the opening.   Weighted Error Value: White=0.41/Black=1.08.  Loses game:     	---       	Black=1      Missed win:     	---       	Black=1      Mistake:       	White=1     	Black=1      Inaccurate:     	White=1     	Black=3      OK:         	White=4     	Black=2      Best:        	White=2     	Black=1} 1-0

[Event "Test Tournament"]
[Site "Emanuel Lasker Arena"]
[Date "2024.04.02"]
[Round "1"]
[White "Alicia"]
[Black "Toby Ziegler"]
[Result "0-1"]
[WhiteElo "2267"]
[BlackElo "2084"]
[Annotator "RC"]
[PlyCount "88"]
[EventDate "2024.04.02"]
[EventType "swiss (blitz)"]

1. e4 {[%emt 0:00:01]} e5 {[%emt 0:00:01]} 2. Nf3 {[%emt 0:00:01]} Nc6 {[%emt 0:00:01]} 3. Bb5 {[%emt 0:00:01]} a6 {[%emt 0:00:01]} 4. Ba4 {[%emt 0:00:01]} Nf6 {[%emt 0:00:01]} 5. O-O {[%emt 0:00:01]} Nxe4 {[%emt 0:00:01]} 6. d4 {[%emt 0:00:01]} b5 {[%emt 0:00:01]} 7. Bb3 {[%emt 0:00:01]} d5 {[%emt 0:00:01]} 8. dxe5 {[%emt 0:00:01]} Be6 {[%emt 0:00:01]} 9. Nbd2 {[%emt 0:00:02]} Nc5 {[%emt 0:00:01]} 10. c3 {[%emt 0:00:01]} Be7 {[%emt 0:00:01]} 11. Bc2 {[%emt 0:00:01]} d4 {[%emt 0:00:01]} 12. b4 {[%emt 0:00:01]} d3 {[%emt 0:00:01]} 13. bxc5 {[%emt 0:00:00]} dxc2 {[%emt 0:00:01]} 14. Qxc2 {[%emt 0:00:01]} Qd5 {[%emt 0:00:01]} 15. Ne4 {[%emt 0:00:02]} O-O {[%emt 0:00:01]} 16. Neg5 {[%emt 0:00:01]} g6 {[%emt 0:00:01]} 17. h4 {[%emt 0:00:01]} Bf5 {[%emt 0:00:01]} 18. Qb3 {[%emt 0:00:03]} Rfd8 {[%emt 0:00:01]} 19. e6 {[%emt 0:00:01]} fxe6 {[%emt 0:00:01]} 20. Bf4 {[%emt 0:00:02]} h6 {[%emt 0:00:01]} 21. c4 {[%emt 0:00:02]} Qxc4 {[%emt 0:00:00]} 22. Bxc7 {[%emt 0:00:01]} hxg5 {[%emt 0:00:01]} 23. Bxd8 {[%emt 0:00:01]} Rxd8 {[%emt 0:00:00]} 24. Rfe1 {[%emt 0:00:01]} gxh4 {[%emt 0:00:01]} 25. Qb2 {[%emt 0:00:01]} Bxc5 {[%emt 0:00:01]} 26. Qf6 {[%emt 0:00:02]} Qf4 {[%emt 0:00:01]} 27. Rac1 {[%emt 0:00:01]} Rf8 {[%emt 0:00:01]} 28. Qc3 {[%emt 0:00:01]} Qc4 {[%emt 0:00:01]} 29. Qd2 {[%emt 0:00:01]} Bxf2+ {[%emt 0:00:02]} 30. Qxf2 {[%emt 0:00:01]} Qd5 {[%emt 0:00:01]} 31. Qxh4 {[%emt 0:00:00]} e5 {[%emt 0:00:02]} 32. Ng5 {[%emt 0:00:02]} Rc8 {[%emt 0:00:01]} 33. Nh7 {[%emt 0:00:01]} Qd4+ {[%emt 0:00:01]} 34. Qxd4 {[%emt 0:00:00]} exd4 {[%emt 0:00:00]} 35. g4 {[%emt 0:00:01]} Bxg4 {[%emt 0:00:01]} 36. Nf6+ {[%emt 0:00:01]} Kf7 {[%emt 0:00:01]} 37. Nxg4 {[%emt 0:00:01]} d3 {[%emt 0:00:02]} 38. Rc5 {[%emt 0:00:02]} d2 {[%emt 0:00:01]} 39. Nh6+ {[%emt 0:00:02]} Kg7 {[%emt 0:00:01]} 40. Rd1 {[%emt 0:00:01]} Kxh6 {[%emt 0:00:00]} 41. Rxd2 {[%emt 0:00:01]} Rc7 {[%emt 0:00:02]} 42. Rd6 {[%emt 0:00:09]} b4 {[%emt 0:00:02]} 43. a4 {[%emt 0:00:01]} bxa3 {[%emt 0:00:02]} 44. Rdxc6 {[%emt 0:00:01]} a2 {[%emt 0:00:01]} 0-1

[Event "Test Tournament"]
[Site "Emanuel Lasker Arena"]
[Date "2024.04.02"]
[Round "1"]
[White "Leuwe"]
[Black "Antonella"]
[Result "*"]
[WhiteElo "2262"]
[BlackElo "2108"]
[Annotator "RC"]
[PlyCount "53"]
[EventDate "2024.04.02"]
[EventType "swiss (blitz)"]

1. d4 {[%emt 0:00:01]} f5 {[%emt 0:00:01]} 2. g3 {[%emt 0:00:01]} Nf6 {[%emt 0:00:01]} 3. Bg2 {[%emt 0:00:01]} g6 {[%emt 0:00:01]} 4. Nf3 {[%emt 0:00:01]} Bg7 {[%emt 0:00:01]} 5. O-O {[%emt 0:00:01]} O-O {[%emt 0:00:01]} 6. b3 {[%emt 0:00:01]} e6 {[%emt 0:00:01]} 7. c4 {[%emt 0:00:01]} Ne4 {[%emt 0:00:01]} 8. Qc2 {[%emt 0:00:01]} c5 {[%emt 0:00:01]} 9. Bb2 {[%emt 0:00:02]} h6 {[%emt 0:00:01]} 10. Nbd2 {[%emt 0:00:02]} d5 {[%emt 0:00:02]} 11. cxd5 {[%emt 0:00:00]} exd5 {[%emt 0:00:00]} 12. dxc5 {[%emt 0:00:01]} b6 {[%emt 0:00:02]} 13. cxb6 {[%emt 0:00:02]} Qd6 {[%emt 0:00:01]} 14. Nxe4 {[%emt 0:00:01]} dxe4 {[%emt 0:00:01]} 15. Bxg7 {[%emt 0:00:01]} Kxg7 {[%emt 0:00:00]} 16. Qc3+ {[%emt 0:00:02]} Kf7 {[%emt 0:00:01]} 17. Rfd1 {[%emt 0:00:01]} Qe6 {[%emt 0:00:01]} 18. Qc7+ {[%emt 0:00:02]} Kf6 {[%emt 0:00:01]} 19. Rd6 {[%emt 0:00:01]} axb6 {[%emt 0:00:00]} 20. Qc3+ {[%emt 0:00:01]} Ke7 {[%emt 0:00:01]} 21. Rxe6+ {[%emt 0:00:01]} Bxe6 {[%emt 0:00:00]} 22. Nd4 {[%emt 0:00:01]} Nd7 {[%emt 0:00:03]} 23. Nxe6 {[%emt 0:00:01]} Kxe6 {[%emt 0:00:01]} 24. Qc4+ {[%emt 0:00:01]} Ke5 {[%emt 0:00:01]} 25. Rd1 {[%emt 0:00:02]} Nc5 {[%emt 0:00:02]} 26. b4 {[%emt 0:00:02]} Na4 {[%emt 0:00:02]} 27. Qc7+ {[%emt 0:00:01]} *

[Event "Test Tournament"]
[Site "Emanuel Lasker Arena"]
[Date "2024.04.02"]
[Round "1"]
[White "Leuwe"]
[Black "Antonella"]
[Result "1-0"]
[WhiteElo "2262"]
[BlackElo "2107"]
[Annotator "RC"]
[PlyCount "103"]
[EventDate "2024.04.02"]
[EventType "swiss (blitz)"]

1. c4 {[%emt 0:00:01]} g6 {[%emt 0:00:01]} 2. Nc3 {[%emt 0:00:01]} Bg7 {[%emt 0:00:01]} 3. g3 {[%emt 0:00:01]} Nf6 {[%emt 0:00:01]} 4. Bg2 {[%emt 0:00:01]} d6 {[%emt 0:00:01]} 5. d4 {[%emt 0:00:01]} c6 {[%emt 0:00:01]} 6. Nf3 {[%emt 0:00:01]} O-O {[%emt 0:00:01]} 7. O-O {[%emt 0:00:01]} Bf5 {[%emt 0:00:02]} 8. Qb3 {[%emt 0:00:01]} Qb6 {[%emt 0:00:02]} 9. Rd1 {[%emt 0:00:01]} Nbd7 {[%emt 0:00:01]} 10. h3 {[%emt 0:00:01]} Ne4 {[%emt 0:00:02]} 11. Nh4 {[%emt 0:00:02]} Ndf6 {[%emt 0:00:02]} 12. Nxf5 {[%emt 0:00:01]} gxf5 {[%emt 0:00:00]} 13. Qa3 {[%emt 0:00:02]} h5 {[%emt 0:00:01]} 14. Be3 {[%emt 0:00:01]} h4 {[%emt 0:00:02]} 15. gxh4 {[%emt 0:00:00]} d5 {[%emt 0:00:01]} 16. cxd5 {[%emt 0:00:04]} a5 {[%emt 0:00:01]} 17. Nxe4 {[%emt 0:00:01]} Nxe4 {[%emt 0:00:00]} 18. dxc6 {[%emt 0:00:00]} Qc7 {[%emt 0:00:01]} 19. Rac1 {[%emt 0:00:01]} bxc6 {[%emt 0:00:00]} 20. d5 {[%emt 0:00:02]} Be5 {[%emt 0:00:01]} 21. dxc6 {[%emt 0:00:01]} Rfd8 {[%emt 0:00:02]} 22. Rd3 {[%emt 0:00:01]} e6 {[%emt 0:00:01]} 23. Rxd8+ {[%emt 0:00:02]} Rxd8 {[%emt 0:00:01]} 24. b4 {[%emt 0:00:01]} f4 {[%emt 0:00:02]} 25. Qxa5 {[%emt 0:00:02]} fxe3 {[%emt 0:00:01]} 26. Qxc7 {[%emt 0:00:00]} exf2+ {[%emt 0:00:01]} 27. Kf1 {[%emt 0:00:01]} Bxc7 {[%emt 0:00:00]} 28. Bxe4 {[%emt 0:00:02]} Rd4 {[%emt 0:00:02]} 29. Bf3 {[%emt 0:00:02]} Rxb4 {[%emt 0:00:01]} 30. Kxf2 {[%emt 0:00:00]} Rb2 {[%emt 0:00:01]} 31. a4 {[%emt 0:00:01]} Ra2 {[%emt 0:00:02]} 32. Rc4 {[%emt 0:00:01]} Kg7 {[%emt 0:00:02]} 33. h5 {[%emt 0:00:01]} Kh6 {[%emt 0:00:01]} 34. Kg2 {[%emt 0:00:01]} Kg5 {[%emt 0:00:02]} 35. Rd4 {[%emt 0:00:02]} Kh6 {[%emt 0:00:02]} 36. Rd7 {[%emt 0:00:01]} Bf4 {[%emt 0:00:01]} 37. Rxf7 {[%emt 0:00:01]} Rxa4 {[%emt 0:00:01]} 38. c7 {[%emt 0:00:01]} Rc4 {[%emt 0:00:01]} 39. Rxf4 {[%emt 0:00:01]} Rxc7 {[%emt 0:00:00]} 40. Rf6+ {[%emt 0:00:01]} Kg5 {[%emt 0:00:01]} 41. Rxe6 {[%emt 0:00:01]} Rc3 {[%emt 0:00:02]} 42. Rg6+ {[%emt 0:00:01]} Kf5 {[%emt 0:00:01]} 43. Rg8 {[%emt 0:00:01]} Rc2 {[%emt 0:00:02]} 44. h6 {[%emt 0:00:01]} Ke6 {[%emt 0:00:01]} 45. h7 {[%emt 0:00:01]} Rc4 {[%emt 0:00:02]} 46. h8=Q {[%emt 0:00:01]} Kd6 {[%emt 0:00:01]} 47. Qf6+ {[%emt 0:00:01]} Kc5 {[%emt 0:00:01]} 48. Rc8+ {[%emt 0:00:01]} Kb5 {[%emt 0:00:01]} 49. Rb8+ {[%emt 0:00:01]} Ka5 {[%emt 0:00:01]} 50. Qe5+ {[%emt 0:00:01]} Ka6 {[%emt 0:00:00]} 51. Qa1+ {[%emt 0:00:01]} Ra4 {[%emt 0:00:00]} 52. Qxa4# {[%emt 0:00:00]} 1-0